000
00301nam a22001337a 4500
008
180228b xxu||||| |||| 00| 0 eng d
020
_a
9781590842232
041
_a
eng
080
_a
61
100
_a
3
101
_a
SHM
245
_a
MAYO CLINIC ON DIGESTIVE HEALTH
_c
JOHN.E.K
942
_2
udc
_c
BK
999
_c
43707
_d
43707